| 000 | 00746cab a2200241 4500 | ||
|---|---|---|---|
| 001 | WB3128-21 | ||
| 008 | 090401t1995 xxu||||| |||| 00| 0 eng d | ||
| 035 | _a(Sirsi) u35458 | ||
| 041 | _aeng | ||
| 245 | _aNoise relief measures for new railway lines | ||
| 260 | _c1995 | ||
| 350 | _a0 | ||
| 490 |
_aDepartment of Transport Press Notice _v(213) 13 July 1995, (3) |
||
| 520 | _aNew noise insulation regulations aim to protect residents living alongside new railway lines. Includes the calculation of noise levels. | ||
| 650 | _aINSULATION | ||
| 650 | _aNOISE LEVELS | ||
| 650 | _aNOISE POLLUTION | ||
| 650 | _aNOISE | ||
| 650 | _aRAILWAY LINES | ||
| 690 | _aENVIRONMENTAL AND LAND CONSULTANCY | ||
| 942 | _n0 | ||
| 948 | _c04/03/1997 | ||
| 999 |
_c23214 _d23214 |
||